Datum a čas kvízu
30
Celkem bodů
Celkový počet nahraných bodů na tomto kvízu bez doplňovacích otázek.
1.
Pořadí na kvízu
Konečné umístění týmu na tomto kvízu.
Zaznamenané odpovědi
| # | Otázka | Odpověď | Body | Výsledky |
|---|---|---|---|---|
| 1. | Minulý týden zaplnily internet... | A | 0 | |
| 2. | V úterý přijali europoslanci p... | USB-C, 2024 | 1 | |
| 3. | Minulý týden proběhlo internet... | Bílý balet | 0 | |
| 4. | Nobelovu cenu za fyziku letos... | C) teleportace | 0 | |
| 5. | V neděli proběhl již 132. roč... | Mr Spex | 1 | |
| 6. | Podívejme se nejprve na velblo... | C | 1 | |
| 7. | Přiřaďte správné výrazy k jeji... | 1A 2D 3B 4C | 0 | |
| 8. | České slovo velbloud ukazuje,... | C | 0 | |
| 9. | Tři veteráni jsou pohádková kl... | Rudolf Hrušínský | 1 | |
| 10. | Velblouda má ve znaku město Pl... | husitům (sirotkům) | 1 |